Normal view
MARC view
Entry Topical Term
001 - CONTROL NUMBER
- control field: 362
003 - CONTROL NUMBER IDENTIFIER
- control field: OSt
005 - DATE AND TIME OF LATEST TRANSACTION
- control field: 20180108143250.0
008 - FIXED-LENGTH DATA ELEMENTS
- fixed length control field: 180108|| aca||aabn | a|a d
040 ## - CATALOGING SOURCE
- Original cataloging agency: OSt
- Transcribing agency: OSt
150 ## - HEADING--TOPICAL TERM
- Topical term or geographic name entry element: Women spies
- Form subdivision: Fiction.
- Geographic subdivision: France
670 ## - SOURCE DATA FOUND
- Source citation: Work cat.: (OSt): Coelho, Paulo. 360, The spy : a novel of Mata Hari /, 2016.